TÒA ÁN CÔNG LÝ QUỐC TẾ

Wedi'i Gadw mewn:
Manylion Llyfryddiaeth
Prif Awdur: NGUYỄN HỒNG THAO
Fformat: Llyfr
Iaith:Vietnamese
Cyhoeddwyd: HANOI 2011
Pynciau:
Tagiau: Ychwanegu Tag
Dim Tagiau, Byddwch y cyntaf i dagio'r cofnod hwn!
Thư viện lưu trữ: Mạng thư viện Đại học Đà Nẵng
LEADER 00624nam a22002171a 4500
001 000034200
003 10392
005 20151027131611.0
008 151027s2011 000 vie
082 |a 495.923  |b NG-T 
100 |a NGUYỄN HỒNG THAO 
245 |a TÒA ÁN CÔNG LÝ QUỐC TẾ  |c NGUYỄN HỒNG THAO 
260 |a HANOI  |c 2011 
300 |a 355tr. : ill ; 30cm 
650 |a TÒA ÁN CÔNG LÝ QUỐC TẾ, TÒA ÁN , CÔNG LÝ, TÒA ÁN CÔNG LÝ 
OWN |a LNN 
999 |a From the UDN01 
TYP |a Monograph 
980 |a Mạng thư viện Đại học Đà Nẵng